Essere maschi. Tra potere e libertà (Record n. 210217)
[ formato base ]
| 000 -LEADER | |
|---|---|
| fixed length control field | 01662nam a2200205Ia 4500 |
| 001 - CONTROL NUMBER | |
| control field | b6791-48852 |
| 003 - CONTROL NUMBER IDENTIFIER | |
| control field | IT-MiCISF |
| 008 - FIXED-LENGTH DATA ELEMENTS--GENERAL INFORMATION | |
| fixed length control field | 161014s9999||||xx |||||||||||||| ||und|| |
| 040 ## - CATALOGING SOURCE | |
| Original cataloging agency | IT-MiCISF |
| Transcribing agency | IT-MiCISF |
| 041 ## - LANGUAGE CODE | |
| Language code of text/sound track or separate title | it |
| 999 ## - SYSTEM CONTROL NUMBERS (KOHA) | |
| Koha Dewey Subclass [OBSOLETE] | si |
| 100 ## - MAIN ENTRY--PERSONAL NAME | |
| Personal name | Ciccone Stefano |
| 245 #0 - TITLE STATEMENT | |
| Title | Essere maschi. Tra potere e libertà |
| 250 ## - EDITION STATEMENT | |
| Edition statement | 1a ed. |
| 260 ## - PUBLICATION, DISTRIBUTION, ETC. (IMPRINT) | |
| Place of publication, distribution, etc. | Torino |
| Name of publisher, distributor, etc. | Rosenberg & Sellier |
| Date of publication, distribution, etc. | 2009 |
| 300 ## - PHYSICAL DESCRIPTION | |
| Extent | pp. 252 |
| 500 ## - GENERAL NOTE | |
| General note | / uomo, identità-maschile, corpo, stupro, prostituzione, abuso-coniugale, violenza-in-famiglia, paternità, maternità, aborto, cura, rapporti-uomo-donna, politica, differenza-sessuale, femminismo / Gli ultimi venti o trent'anni hanno visto mutare in modo radicale i rapporti fra uomini e donne. La grande trasformazione innescata dalle donne ha cambiato anche le vite di molti maschi: si è iniziato a parlare di disagio maschile, e non soltanto fra le generazioni più mature. Secondo alcuni la certezza della propria virilità può essere intaccata dalla nuova libertà femminile, e l'incertezza su di sé produce sofferenza. Nascono inedite rivendicazioni maschili, come nel caso dei padri separati. Forse sta nascendo anche una nuova violenza maschile di tipo reattivo. Ma coglie davvero nel segno l'immagine ricorrente di uomini disorientati dall'intraprendenza femminile nel corteggiamento, o chiusi a difesa della loro posizione nel lavoro? L'A. polemizza contro il vittimismo e il "revanscismo maschile", ma rifiuta allo stesso tempo il volontarismo del "politicamente corretto", e legge la situazione come un'opportunità per gli uomini. |
| 650 ## - SUBJECT ADDED ENTRY--TOPICAL TERM | |
| Topical term or geographic name as entry element | Identità e genere / uomo |
| Relator term | 003 |
| 942 ## - ADDED ENTRY ELEMENTS (KOHA) | |
| Koha item type | LIBRO |
| 957 ## - | |
| -- | 1 |
| 999 ## - SYSTEM CONTROL NUMBERS (KOHA) | |
| -- | 1 |
| Withdrawn status | Lost status | Damaged status | Not for loan | Home library | Current library | Date acquired | Total Checkouts | Full call number | Date last seen | Price effective from | Koha item type | Public note |
|---|---|---|---|---|---|---|---|---|---|---|---|---|
| Buone Condizioni | Not For Loan | CISF - Milano | CISF - Milano | 14/10/2016 | b6791-48852 | 14/10/2016 | 14/10/2016 | LIBRO | Data import 15.10.2016 / by Epidotti, Vaglietti |